| 000 | 01184cam a2200337 a 4500 | ||
|---|---|---|---|
| 001 | 16401022 | ||
| 005 | 20130131152851.0 | ||
| 008 | 100812s2011 enk b 001 0 eng | ||
| 020 | _a0415474795 (alk. paper) | ||
| 020 | _a9780415474795 (alk. paper) | ||
| 020 | _a9780415474801 (pbk. : alk. paper) | ||
| 020 | _a0415474809 (pbk. : alk. paper) | ||
| 020 | _a9780203830987 (ebk) | ||
| 020 | _a0203830989 (ebk) | ||
| 082 | 0 | 0 |
_a320.95 _222 _bYAH |
| 100 | 1 |
_aYahuda, Michael B. _932247 |
|
| 245 | 1 | 4 |
_aThe International Politics of the Asia-Pacific / _cMichael Yahuda. |
| 250 | _a3rd and rev. ed. | ||
| 260 |
_aLondon ; _aNew York : _bRoutledge, _c2011. |
||
| 300 |
_axv, 366 p. ; _c24 cm. |
||
| 490 | 0 | _aPolitics in Asia series | |
| 504 | _aIncludes bibliographical references and index. | ||
| 650 | 0 |
_aWorld politics _y1945-1989. _932248 |
|
| 650 | 0 |
_aWorld politics _y1989- _932249 |
|
| 651 | 0 |
_aEast Asia _xPolitics and government. _921208 |
|
| 651 | 0 |
_aSoutheast Asia _xPolitics and government _y1945- _912044 |
|
| 651 | 0 |
_aEast Asia _xForeign relations. _932250 |
|
| 651 | 0 |
_aSoutheast Asia _xForeign relations. _932251 |
|
| 653 |
_bPol _cJanuary2013 |
||
| 942 |
_2ddc _cBB |
||
| 999 |
_c17195 _d17167 |
||